Relation of Retail Gasoline and Diesel Prices in Croatia with Crude Oil Prices on World Markets

Podľa mnohých štúdií je prenos cien ropy do maloobchodných cien palív asymetrický. Ceny palív reagujú rýchlejšie, ak ceny ropy rastú, a pomalšie, ak ceny ropy klesajú. Na overenie hypotézy asymetrických reakcií ceny benzínu a nafty v Chorvátsku boli použité jednoduché a dynamické modely asymetrie, m...

Description complète

Enregistré dans:
Détails bibliographiques
Auteur principal: Szomolányi, Karol, 1976-
Autres auteurs: Lukáčik, Martin, 1974-, Lukáčiková, Adriana, 1971-
Format: Chapitre de livre
Langue:anglais
Sujets:
Tags: Ajouter un tag
Pas de tags, Soyez le premier à ajouter un tag!

MARC

LEADER 00000naa$a2200000$$$4500
001 0304948
005 20260217103334.8
041 0 |a eng 
044 |a HR 
245 1 0 |a Relation of Retail Gasoline and Diesel Prices in Croatia with Crude Oil Prices on World Markets 
520 |a Podľa mnohých štúdií je prenos cien ropy do maloobchodných cien palív asymetrický. Ceny palív reagujú rýchlejšie, ak ceny ropy rastú, a pomalšie, ak ceny ropy klesajú. Na overenie hypotézy asymetrických reakcií ceny benzínu a nafty v Chorvátsku boli použité jednoduché a dynamické modely asymetrie, modely korekcie chýb, prahová autoregresívna kointegrácia a prístup založený na úprave nákladovej funkcie v lineárno-exponenciálnej forme. 
610 2 0 |a ceny maloobchodné 
610 2 0 |a benzín 
610 2 0 |a nafta 
610 2 0 |a ropa 
610 2 0 |a trh svetový 
610 2 0 |a Chorvátsko 
100 1 |a Szomolányi, Karol, 1976- 
700 1 |a Lukáčik, Martin, 1974- 
700 1 |a Lukáčiková, Adriana, 1971-